safe waters - Statistics

General Stats
  • This quiz has been taken 25 times
  • The average score is 4 of 10
Answer Stats
Hint Answer % Correct
A Age
100%
T Time/Date/Calendar
100%
W Weather
100%
E Emotions/Physical State of Being
50%
A Action that Interrupts
0%
E Enclosed Period/Amount of Time
0%
F Focus on Beginning or End
0%
R Repeated Action/No Specific Beginning or End
0%
S Settings/Descriptions/Actions
0%
S Specific Instance
0%
No matching quizzes found
Score Distribution
Percent of People with Each Score
Percentile by Number Answered
Your Score History
You have not taken this quiz